Rua mântuleasa / (Record no. 127782)
[ view plain ]
| 000 -LEADER | |
|---|---|
| fixed length control field | 00722cam a2200217 a 4500 |
| 001 - CONTROL NUMBER | |
| control field | 3329634 |
| 003 - CONTROL NUMBER IDENTIFIER | |
| control field | ARRUPE |
| 005 - DATE AND TIME OF LATEST TRANSACTION | |
| control field | 20180326100803.0 |
| 008 - FIXED-LENGTH DATA ELEMENTS--GENERAL INFORMATION | |
| fixed length control field | 840417t19781969po 000 1 por c |
| 010 ## - LIBRARY OF CONGRESS CONTROL NUMBER | |
| LC control number | 84672586 |
| 040 ## - CATALOGING SOURCE | |
| Original cataloging agency | MH |
| Transcribing agency | MH |
| Modifying agency | DLC |
| 041 1# - LANGUAGE CODE | |
| Language code of text/sound track or separate title | por |
| Language code of original and/or intermediate translations of text | rum |
| 050 14 - LIBRARY OF CONGRESS CALL NUMBER | |
| Classification number | PC839.E38 |
| Item number | P4x 1978 |
| 300 ## - PHYSICAL DESCRIPTION | |
| Dimensions | 22 cm. |
| 100 1# - MAIN ENTRY--PERSONAL NAME | |
| Personal name | Eliade, Mircea, |
| Dates associated with a name | 1907-1986. |
| 9 (RLIN) | 40984 |
| 240 10 - UNIFORM TITLE | |
| Uniform title | <a href="Pe strada Mântuleasa.">Pe strada Mântuleasa.</a> |
| Language of a work | Portuguese |
| 245 10 - TITLE STATEMENT | |
| Title | Rua mântuleasa / |
| Statement of responsibility, etc | Mircea Eliade ; versão portuguesa de Ricardo Alberty. |
| 260 ## - PUBLICATION, DISTRIBUTION, ETC. (IMPRINT) | |
| Place of publication, distribution, etc | [Braga?] : |
| Name of publisher, distributor, etc | Ulisseia, |
| Date of publication, distribution, etc | [1978], c1969. |
| 300 ## - PHYSICAL DESCRIPTION | |
| Extent | 160 p. ; |
| 490 0# - SERIES STATEMENT | |
| Series statement | Clássicos do romance contemporáneo ; |
| Volume number/sequential designation | 36 |
| 500 ## - GENERAL NOTE | |
| General note | Translation of: Pe strada Mântuleasa. |
| 700 ## - ADDED ENTRY--PERSONAL NAME | |
| Personal name | Alberty, Ricardo (tr.) |
| 9 (RLIN) | 40985 |
| 906 ## - LOCAL DATA ELEMENT F, LDF (RLIN) | |
| a | 7 |
| b | cbc |
| c | orignew |
| d | u |
| e | ncip |
| f | 19 |
| g | y-gencatlg |
| 942 ## - ADDED ENTRY ELEMENTS (KOHA) | |
| Source of classification or shelving scheme | Library of Congress Classification |
| Koha item type | Monograph ( Printed materials) |
| Withdrawn status | Lost status | Source of classification or shelving scheme | Damaged status | Not for loan | Collection code | Home library | Current library | Shelving location | Date acquired | Total Checkouts | Full call number | Barcode | Date last seen | Price effective from | Koha item type |
|---|---|---|---|---|---|---|---|---|---|---|---|---|---|---|---|
| Library of Congress Classification | Main Collection | ARRUPE LIBRARY | ARRUPE LIBRARY | Main Collection | 26/03/2018 | PC839.E38 P4x 1978 | 46600001422 | 26/03/2018 | 26/03/2018 | Monograph ( Printed materials) |